[Event "España ch Sub-16 2008"]
[Site "Padron ESP"]
[Date "2008.07.23"]
[Round "6.14"]
[White "Herrera Reyes, Jose Antonio"]
[Black "Beltran De Heredia E., Miguel"]
[Result "1-0"]
[PlyCount "111"]
[EventDate "2008.07.20"]
[EventType "swiss"]
[EventRounds "9"]
[EventCountry "ESP"]
[Source "lmi"]
[SourceDate "2008.07.20"]
[WhiteElo "2145"]
[BlackElo "1993"]

1. Nc3 c5 2. Nf3 d6 3. g3 b6 4. Bg2 Bb7 5. d4 cxd4 6. Qxd4 Nf6 7. Bg5 Nbd7 8.
Qa4 a6 9. Rd1 b5 10. Qf4 Qa5 11. a3 e6 12. O-O Be7 13. e4 O-O 14. Rfe1 Rfd8 15.
Qc1 Qc7 16. Nd4 h6 17. Bd2 Nb6 18. b3 Rac8 19. h3 Qb8 20. Qa1 Qa8 21. f3 Nfd7
22. Nce2 Bf6 23. Qb1 d5 24. c3 dxe4 25. fxe4 e5 26. Nf5 Rc6 27. Be3 Qb8 28. Rd2
Qc7 29. Red1 Nc8 30. h4 Kh7 31. Kh2 h5 32. Bf2 g6 33. Ne3 Qb8 34. Rxd7 Rxd7 35.
Rxd7 Rc7 36. Qd3 Nb6 37. Rd6 Rc6 38. Rxc6 Bxc6 39. Nd5 Nxd5 40. exd5 Bd7 41.
Bh3 Qd8 42. Bxd7 Qxd7 43. c4 bxc4 44. bxc4 Qg4 45. Nc3 Bd8 46. Ne4 f5 47. Ng5+
Bxg5 48. hxg5 e4 49. Qe3 h4 50. Qf4 hxg3+ 51. Qxg3 Qd1 52. Qc7+ Kg8 53. Qd8+
Kf7 54. Qf6+ Ke8 55. Qxg6+ Kd8 56. Bb6+ 1-0

[Event "España ch Sub-16 2008"]
[Site "Padron ESP"]
[Date "2008.07.23"]
[Round "6.15"]
[White "Gimenez Menchon, Cesar"]
[Black "Pruja Ramirez De Cartagena, Marc"]
[Result "0-1"]
[PlyCount "82"]
[EventDate "2008.07.20"]
[EventType "swiss"]
[EventRounds "9"]
[EventCountry "ESP"]
[Source "lmi"]
[SourceDate "2008.07.20"]
[WhiteElo "1987"]
[BlackElo "2136"]

1. d4 Nf6 2. Nf3 e6 3. Bf4 b6 4. e3 Bb7 5. Bd3 d6 6. Nc3 Nbd7 7. Qe2 a6 8. O-O
Qe7 9. Rfd1 e5 10. dxe5 dxe5 11. Bf5 exf4 12. e4 g6 13. Bh3 Ne5 14. Nxe5 Qxe5
15. Qd3 Bd6 16. Nd5 Nxd5 17. exd5 O-O 18. c3 Rfe8 19. Bg4 Re7 20. b4 Rae8 21.
Kf1 f5 22. Bf3 Qf6 23. a3 Be5 24. Rac1 Rd7 25. c4 c5 26. bxc5 bxc5 27. Rb1 Bd4
28. Rb3 Bc8 29. Rdb1 Rd6 30. a4 Bd7 31. a5 g5 32. Rb6 g4 33. Rxd6 Qxd6 34. Rb6
Qe5 35. Be2 f3 36. gxf3 Qxh2 37. Ke1 Qxf2+ 38. Kd1 Ba4+ 39. Kd2 Be3+ 40. Kc3
Qe1+ 41. Kb2 Bd4+ 0-1

[Event "España ch Sub-16 2008"]
[Site "Padron ESP"]
[Date "2008.07.23"]
[Round "6.16"]
[White "Garcia Salamero, Gabriel"]
[Black "De Nacimiento Montano, Angel"]
[Result "1/2-1/2"]
[PlyCount "109"]
[EventDate "2008.07.20"]
[EventType "swiss"]
[EventRounds "9"]
[EventCountry "ESP"]
[Source "lmi"]
[SourceDate "2008.07.20"]
[WhiteElo "1973"]
[BlackElo "2099"]

1. e4 c5 2. Nf3 Nc6 3. d3 g6 4. g3 Bg7 5. Bg2 d6 6. O-O Nf6 7. c3 O-O 8. Re1
Bg4 9. Nbd2 Qd7 10. Qb3 e5 11. Nc4 b5 12. Ne3 Bxf3 13. Bxf3 a5 14. Bg2 a4 15.
Qd1 Rfb8 16. f4 exf4 17. gxf4 Ne8 18. Qf3 Ra6 19. Bd2 b4 20. Rac1 bxc3 21. Bxc3
Nd4 22. Qg3 Nc7 23. Nc2 Ncb5 24. Nxd4 Nxd4 25. h4 Rab6 26. h5 d5 27. Bh3 Qc7
28. Ba5 c4 29. Kh1 Qc6 30. Bxb6 Rxb6 31. hxg6 hxg6 32. Qf2 Qb7 33. e5 Rxb2 34.
Qxd4 cxd3 35. Qxd3 Qb4 36. Qc3 Qb5 37. Bg2 Rxa2 38. Rc2 Rxc2 39. Qxc2 Qb4 40.
Rf1 d4 41. Qc8+ Kh7 42. Rf3 Bf8 43. Qh3+ Kg8 44. Qh4 a3 45. Rf1 d3 46. Bd5 Qd4
47. Bxf7+ Kxf7 48. Qf6+ Kg8 49. Qxg6+ Bg7 50. Rg1 Qd7 51. e6 Qe7 52. Rc1 Qb7+
53. Kh2 Qb2+ 54. Kh3 Qxc1 55. Qf7+ 1/2-1/2

[Event "España ch Sub-16 2008"]
[Site "Padron ESP"]
[Date "2008.07.23"]
[Round "6.17"]
[White "Moral Garcia, Serafin"]
[Black "Moreno Martin, Daniel"]
[Result "1-0"]
[PlyCount "75"]
[EventDate "2008.07.20"]
[EventType "swiss"]
[EventRounds "9"]
[EventCountry "ESP"]
[Source "lmi"]
[SourceDate "2008.07.20"]
[WhiteElo "1948"]
[BlackElo "2091"]

1. e4 e6 2. d4 d5 3. Nd2 c5 4. exd5 Qxd5 5. Ngf3 cxd4 6. Bc4 Qd6 7. O-O Nf6 8.
Nb3 Nc6 9. Nbxd4 Nxd4 10. Nxd4 a6 11. Bb3 Bd7 12. c3 Qc7 13. Qf3 Bd6 14. h3 O-O
15. Bg5 Be5 16. Rad1 Rfd8 17. Rfe1 Rac8 18. Qe3 Bd6 19. Bxf6 gxf6 20. Qh6 Be5
21. Re4 f5 22. Rh4 Bc6 23. Rh5 Be4 24. Qxh7+ Kf8 25. Rg5 Bxd4 26. cxd4 Ke7 27.
Rg7 Rf8 28. Qh4+ Kd6 29. Qf6 Qe7 30. Qe5+ Kd7 31. Re1 Rg8 32. f3 Rxg7 33. Qxg7
Bc6 34. Kh1 Kd6 35. Qe5+ Kd7 36. d5 Bb5 37. dxe6+ Kd8 38. Rd1+ 1-0

[Event "España ch Sub-16 2008"]
[Site "Padron ESP"]
[Date "2008.07.23"]
[Round "6.18"]
[White "Subirats Ruiz, Sergi"]
[Black "Santana Montero, Pedro Luis"]
[Result "0-1"]
[PlyCount "60"]
[EventDate "2008.07.20"]
[EventType "swiss"]
[EventRounds "9"]
[EventCountry "ESP"]
[Source "lmi"]
[SourceDate "2008.07.20"]
[WhiteElo "2054"]
[BlackElo "1969"]

1. e4 e6 2. d4 d5 3. exd5 exd5 4. Nf3 Nc6 5. Bb5 Bd6 6. O-O Nge7 7. c4 dxc4 8.
Bxc4 O-O 9. Nc3 Bg4 10. Be3 Qd7 11. h3 Bh5 12. Re1 Rfe8 13. g4 Bg6 14. a3 a6
15. b4 b5 16. Bf1 h5 17. Ng5 hxg4 18. hxg4 Rad8 19. f4 Nc8 20. f5 Bh7 21. Qf3
Be7 22. Nxh7 Kxh7 23. Bd3 Bf6 24. g5 Bxd4 25. g6+ fxg6 26. fxg6+ Kg8 27. Bxd4
Qxd4+ 28. Kg2 Ne5 29. Qh5 Qxc3 30. Qh7+ Kf8 0-1

[Event "España ch Sub-16 2008"]
[Site "Padron ESP"]
[Date "2008.07.23"]
[Round "6.19"]
[White "Sevilla Subiza, Javier"]
[Black "Montañes Arribas, Adrian"]
[Result "0-1"]
[PlyCount "110"]
[EventDate "2008.07.20"]
[EventType "swiss"]
[EventRounds "9"]
[EventCountry "ESP"]
[Source "lmi"]
[SourceDate "2008.07.20"]
[WhiteElo "1830"]
[BlackElo "2034"]

1. d4 d5 2. c4 e6 3. Nc3 Nf6 4. Nf3 Nbd7 5. Bg5 c6 6. e3 Qa5 7. Nd2 Bb4 8. Qc2
O-O 9. Bxf6 Nxf6 10. Bd3 h6 11. O-O Bxc3 12. bxc3 Qc7 13. Nf3 b6 14. cxd5 exd5
15. a4 Bd7 16. h3 Rfe8 17. Ne5 Ne4 18. Nxd7 Qxd7 19. c4 Nd6 20. cxd5 cxd5 21.
Qb3 Qe6 22. Ba6 Ne4 23. Rfc1 Qf5 24. Qb2 Rad8 25. Rc7 Rd6 26. Rac1 Rf6 27. R1c2
Rg6 28. Bc8 Rxc8 29. Rxc8+ Kh7 30. Kh1 Nxf2+ 31. Rxf2 Qxc8 32. Rxf7 Qe8 33. Qf2
Qxa4 34. Rf8 Qc6 35. Qf7 Qe6 36. Qxa7 Qxe3 37. Qb8 Re6 38. Rh8+ Kg6 39. Qc8 Rf6
40. Qg4+ Qg5 41. Qd1 Qf5 42. Rb8 Qf1+ 43. Qxf1 Rxf1+ 44. Kh2 Rb1 45. g4 Kg5 46.
Rf8 g6 47. Re8 Kh4 48. Re6 Rb2+ 49. Kg1 Kxh3 50. Rxg6 b5 51. Rxh6+ Kxg4 52. Rd6
Kg3 53. Kf1 Kf3 54. Ke1 Ke3 55. Kd1 Kxd4 0-1

[Event "España ch Sub-16 2008"]
[Site "Padron ESP"]
[Date "2008.07.23"]
[Round "6.20"]
[White "Gil Quilez, David"]
[Black "Otero Nogueira, Brais"]
[Result "1-0"]
[PlyCount "69"]
[EventDate "2008.07.20"]
[EventType "swiss"]
[EventRounds "9"]
[EventCountry "ESP"]
[Source "lmi"]
[SourceDate "2008.07.20"]
[WhiteElo "2031"]
[BlackElo "1917"]

1. f4 g6 2. Nf3 Bg7 3. g3 c5 4. Bg2 Nc6 5. O-O Nf6 6. d3 O-O 7. e4 d5 8. e5 Nd7
9. c3 e6 10. d4 b5 11. Be3 cxd4 12. cxd4 a5 13. g4 Qb6 14. Qe1 f6 15. Kh1 Ba6
16. Rg1 Nb4 17. Qd2 Rac8 18. Nc3 Qa7 19. Rac1 Nb6 20. b3 Nc6 21. f5 b4 22. Na4
Nxa4 23. bxa4 Qe7 24. exf6 Bxf6 25. g5 Bh8 26. f6 Qd7 27. Bh3 Bc4 28. Rge1 Rfe8
29. Qf2 Qf7 30. Bf4 Bd3 31. Rxc6 Rxc6 32. Ne5 Rc2 33. Nxf7 Rxf2 34. Nh6+ Kf8
35. Bd6+ 1-0

[Event "España ch Sub-16 2008"]
[Site "Padron ESP"]
[Date "2008.07.23"]
[Round "6.21"]
[White "Marcos Pinto, Luis"]
[Black "Cubillo Munoz, Miguel"]
[Result "1-0"]
[PlyCount "129"]
[EventDate "2008.07.20"]
[EventType "swiss"]
[EventRounds "9"]
[EventCountry "ESP"]
[Source "lmi"]
[SourceDate "2008.07.20"]
[WhiteElo "2115"]
[BlackElo "1923"]

1. e4 c5 2. c3 d5 3. exd5 Qxd5 4. d4 Nc6 5. Nf3 Bg4 6. Be2 Rd8 7. Be3 cxd4 8.
cxd4 e6 9. Nc3 Bb4 10. O-O Qa5 11. Qb3 Nge7 12. Rfd1 O-O 13. a3 Bd6 14. Qc2 Bb8
15. h3 Bxf3 16. Bxf3 Nf5 17. Bxc6 bxc6 18. Ne2 Qd5 19. Rac1 Rc8 20. Nc3 Qd6 21.
Qe4 Qh2+ 22. Kf1 Qh1+ 23. Ke2 Qh2 24. Na4 Qc7 25. Nc5 Rfd8 26. Rd2 Qb6 27. Kf1
Rd5 28. Rc3 Rcd8 29. Rb3 Qa5 30. Nb7 Qa4 31. Rb4 Qa6+ 32. Kg1 Re8 33. Bf4 Bd6
34. Bxd6 Nxd6 35. Nxd6 Rxd6 36. Rc2 Rc8 37. Rbc4 Qb6 38. Qe5 Rd5 39. Rxc6 Rxc6
40. Rxc6 Qd8 41. Qe3 g6 42. Qc3 Qh4 43. Rc4 Qe4 44. b4 Rg5 45. g3 Rh5 46. d5
Qb1+ 47. Kg2 e5 48. Qc2 Qe1 49. d6 Rxh3 50. Qc1 Rh2+ 51. Kxh2 Qxf2+ 52. Kh3 h5
53. Rc2 Qf5+ 54. Kh2 h4 55. Qd2 e4 56. Qf4 hxg3+ 57. Kxg3 Qd5 58. Re2 g5 59.
Qxe4 Qxd6+ 60. Qe5 Qd3+ 61. Re3 Qg6 62. Rc3 f6 63. Qe6+ Kh8 64. Rc8+ Kh7 65.
Rc7+ 1-0

[Event "España ch Sub-16 2008"]
[Site "Padron ESP"]
[Date "2008.07.23"]
[Round "6.22"]
[White "Navia Martin, Sergio"]
[Black "Marrero Falcon, Hector"]
[Result "0-1"]
[PlyCount "66"]
[EventDate "2008.07.20"]
[EventType "swiss"]
[EventRounds "9"]
[EventCountry "ESP"]
[Source "lmi"]
[SourceDate "2008.07.20"]
[WhiteElo "1919"]
[BlackElo "2044"]

1. d4 Nf6 2. c4 c5 3. d5 b5 4. cxb5 a6 5. bxa6 g6 6. Nc3 Bxa6 7. g3 Bg7 8. Bg2
d6 9. Nf3 O-O 10. O-O Nbd7 11. Re1 Ng4 12. h3 Nge5 13. Nd2 Qc7 14. Qc2 Nb6 15.
b3 c4 16. Bb2 Rfc8 17. Rac1 cxb3 18. axb3 Bb7 19. e4 Ba6 20. Bf1 Bxf1 21. Kxf1
Qc5 22. Kg2 Qd4 23. Nf3 Nxf3 24. Kxf3 Qb4 25. Kg2 Nd7 26. Re3 Bd4 27. Re2 Nc5
28. Rd1 Nxb3 29. Rd3 Nc5 30. Rdd2 Na4 31. Rxd4 Qxd4 32. Re3 Qb4 33. Ba1 Qa3 0-1

[Event "España ch Sub-16 2008"]
[Site "Padron ESP"]
[Date "2008.07.23"]
[Round "6.23"]
[White "Iglesias Gascon, David"]
[Black "Vila Gonzalez, Daniel"]
[Result "1-0"]
[PlyCount "51"]
[EventDate "2008.07.20"]
[EventType "swiss"]
[EventRounds "9"]
[EventCountry "ESP"]
[Source "lmi"]
[SourceDate "2008.07.20"]
[WhiteElo "1904"]
[BlackElo "2039"]

1. e4 c5 2. Nc3 Nc6 3. f4 g6 4. Nf3 Bg7 5. Bc4 e6 6. f5 Nge7 7. fxe6 dxe6 8.
O-O O-O 9. d3 Na5 10. Bb3 Nxb3 11. axb3 Nc6 12. Bf4 e5 13. Be3 Nd4 14. h3 b6
15. Qd2 f6 16. Rf2 Be6 17. Raf1 Qd7 18. Bh6 Rf7 19. Bxg7 Kxg7 20. Ne2 Raf8 21.
Ng3 Qc7 22. Nh4 h6 23. Qe3 f5 24. exf5 Nxf5 25. Ngxf5+ Bxf5 26. Qg3 1-0

[Event "España ch Sub-16 2008"]
[Site "Padron ESP"]
[Date "2008.07.23"]
[Round "6.24"]
[White "Eguia Cambero, Ignacio"]
[Black "Suarez Calvo, Alexandra"]
[Result "1/2-1/2"]
[PlyCount "82"]
[EventDate "2008.07.20"]
[EventType "swiss"]
[EventRounds "9"]
[EventCountry "ESP"]
[Source "lmi"]
[SourceDate "2008.07.20"]
[WhiteElo "1915"]
[BlackElo "2037"]

1. e4 e6 2. d4 d5 3. Nc3 Nf6 4. Bg5 Be7 5. e5 Nfd7 6. Bxe7 Qxe7 7. Bd3 a6 8.
Qg4 f5 9. Qf4 Nf8 10. Nf3 Nc6 11. O-O-O h6 12. h4 b5 13. h5 Na5 14. Kb1 Nc4 15.
Bxc4 bxc4 16. Qh4 Qb4 17. a3 Qa5 18. Ka2 Bd7 19. Qf4 Bb5 20. g4 fxg4 21. Qxg4
O-O-O 22. Qxg7 Rh7 23. Qf6 Ba4 24. Nxa4 Qxa4 25. Rc1 Qc6 26. Qf4 Nd7 27. Qe3
Nb6 28. Rhg1 Qb5 29. Rg6 Re8 30. Rxh6 c3 31. b3 Nc4 32. Qxc3 Rxh6 33. bxc4
Qxc4+ 34. Qxc4 dxc4 35. Rh1 Rf8 36. Rh3 Kd7 37. Kb2 Kc6 38. Kc3 Kd5 39. Nd2
Rxf2 40. Nxc4 Rf4 41. Ne3+ Ke4 1/2-1/2

[Event "España ch Sub-16 2008"]
[Site "Padron ESP"]
[Date "2008.07.23"]
[Round "6.25"]
[White "Perez Castellano, Susana"]
[Black "Donoso Sanchez, Alejandro"]
[Result "0-1"]
[PlyCount "106"]
[EventDate "2008.07.20"]
[EventType "swiss"]
[EventRounds "9"]
[EventCountry "ESP"]
[Source "lmi"]
[SourceDate "2008.07.20"]
[WhiteElo "1857"]
[BlackElo "2023"]

1. e4 c5 2. Nf3 e6 3. d4 cxd4 4. Nxd4 a6 5. Nc3 Qc7 6. Be2 Nf6 7. O-O d6 8. Be3
b5 9. a3 Bb7 10. Bf3 Nbd7 11. Nb3 Ne5 12. Nd2 Be7 13. Be2 h5 14. h3 h4 15. Re1
Ned7 16. Bf3 Rg8 17. Nf1 g5 18. Nh2 Ne5 19. Ng4 Nc4 20. Bc1 Nxg4 21. Bxg4 Bf6
22. Qf3 Be5 23. Qd3 Rc8 24. Nd1 Nb6 25. c3 Na4 26. Qc2 Nc5 27. Bf3 a5 28. Ne3
a4 29. Ng4 Nb3 30. Rb1 Nd4 31. Qd3 Nxf3+ 32. Qxf3 Rg6 33. Nxe5 dxe5 34. Qh5 Kf8
35. Bxg5 Kg7 36. Bd2 f5 37. Qe2 Bxe4 38. f3 Bxb1 39. Rxb1 Kf6 40. Rf1 Rcg8 41.
Rf2 Qc4 42. Qe1 f4 43. Kh2 Rd8 44. Bc1 Rg3 45. Re2 Rdg8 46. Qd1 Qd5 47. Qe1 e4
48. fxe4 Qe5 49. Kh1 Ke7 50. Qf2 f3 51. Qa7+ Kf6 52. Rf2 Qxe4 53. Be3 Qb1+ 0-1

[Event "España ch Sub-16 2008"]
[Site "Padron ESP"]
[Date "2008.07.23"]
[Round "6.26"]
[White "Jimenez Lupianez, Laura"]
[Black "Bujosa Ribas, Joan"]
[Result "1-0"]
[PlyCount "65"]
[EventDate "2008.07.20"]
[EventType "swiss"]
[EventRounds "9"]
[EventCountry "ESP"]
[Source "lmi"]
[SourceDate "2008.07.20"]
[WhiteElo "1901"]
[BlackElo "2012"]

1. d4 Nf6 2. c4 e5 3. dxe5 Ng4 4. Nf3 Bc5 5. e3 Nc6 6. Be2 Ngxe5 7. Nxe5 Nxe5
8. Nc3 O-O 9. O-O d6 10. b3 Re8 11. Na4 Bb6 12. Bb2 Bd7 13. Nxb6 axb6 14. f4
Nc6 15. Qd2 Qe7 16. Rf3 Bf5 17. Rg3 f6 18. Qc3 Kh8 19. a4 Nb8 20. Bf3 Qxe3+ 21.
Qxe3 Rxe3 22. Bxb7 Rxg3 23. hxg3 Ra7 24. Re1 Bd7 25. Bf3 Kg8 26. g4 Bc6 27. g5
fxg5 28. Re7 gxf4 29. Rxg7+ Kf8 30. Bg4 Be4 31. Be6 Bg6 32. Bf6 Bf7 33. Rxf7+
1-0

[Event "España ch Sub-16 2008"]
[Site "Padron ESP"]
[Date "2008.07.23"]
[Round "6.27"]
[White "Benarque Lopez, Francisco Jose"]
[Black "Cruz Lledo, Pablo"]
[Result "1-0"]
[PlyCount "71"]
[EventDate "2008.07.20"]
[EventType "swiss"]
[EventRounds "9"]
[EventCountry "ESP"]
[Source "lmi"]
[SourceDate "2008.07.20"]
[WhiteElo "1889"]
[BlackElo "2008"]

1. d4 d5 2. c4 c6 3. Nc3 Nf6 4. Bg5 a6 5. e3 b5 6. cxd5 cxd5 7. Nf3 e6 8. Bd3
Nbd7 9. Ne5 h6 10. Bf4 Bb7 11. O-O Be7 12. Rc1 O-O 13. Ne2 Nb6 14. Nxf7 Rxf7
15. Bc7 Qd7 16. Bxb6 Bd6 17. Bc5 Ne4 18. Bxe4 dxe4 19. Bxd6 Qxd6 20. Rc5 Raf8
21. Ng3 Bd5 22. Qg4 Bxa2 23. Nxe4 Qb6 24. Rfc1 Bc4 25. f3 Rf5 26. Qg3 a5 27.
Rc7 R8f7 28. Rc8+ Rf8 29. Rxf8+ Rxf8 30. b3 Bxb3 31. Rc7 Rf7 32. Nf6+ Kf8 33.
Nd7+ Rxd7 34. Rxd7 g5 35. Qe5 Ke8 36. Qg7 1-0

[Event "España ch Sub-16 2008"]
[Site "Padron ESP"]
[Date "2008.07.23"]
[Round "6.28"]
[White "Collado Barbas, Laura"]
[Black "Millan Soto, Miguel"]
[Result "1-0"]
[PlyCount "87"]
[EventDate "2008.07.20"]
[EventType "swiss"]
[EventRounds "9"]
[EventCountry "ESP"]
[Source "lmi"]
[SourceDate "2008.07.20"]
[WhiteElo "1983"]
[BlackElo "1926"]

1. d4 Nf6 2. c4 g6 3. Nc3 Bg7 4. Nf3 O-O 5. e4 d6 6. Be3 Nbd7 7. Nd2 e5 8. d5
a5 9. Be2 Nc5 10. O-O Ne8 11. b3 f5 12. f3 f4 13. Bf2 Bd7 14. a3 Na6 15. Qc2 c5
16. dxc6 bxc6 17. Rfb1 c5 18. Nd5 Nf6 19. Qd3 Be6 20. Rb2 g5 21. Nb1 Nxd5 22.
cxd5 Bd7 23. Nc3 Nc7 24. Rab1 Rb8 25. b4 axb4 26. axb4 cxb4 27. Rxb4 Rxb4 28.
Rxb4 Ne8 29. Qa6 h5 30. Qa7 Rf7 31. Rb7 Qc8 32. Be1 g4 33. fxg4 hxg4 34. Bxg4
Bxg4 35. Rxf7 Bh5 36. Rb7 f3 37. gxf3 Bxf3 38. Rb8 Qg4+ 39. Bg3 Kf8 40. Qa4 Qh5
41. Qd7 Qg6 42. Nb5 Bh6 43. Nxd6 Be3+ 44. Kf1 1-0

[Event "España ch Sub-16 2008"]
[Site "Padron ESP"]
[Date "2008.07.23"]
[Round "6.29"]
[White "Alonso Macias, Victor"]
[Black "Escudeiro Tilve, Ramon"]
[Result "1-0"]
[PlyCount "56"]
[EventDate "2008.07.20"]
[EventType "swiss"]
[EventRounds "9"]
[EventCountry "ESP"]
[Source "lmi"]
[SourceDate "2008.07.20"]
[WhiteElo "1977"]
[BlackElo "1925"]

1. e4 c5 2. Nf3 e6 3. d4 cxd4 4. Nxd4 Nf6 5. Nc3 Nc6 6. Bf4 d6 7. Bg5 e5 8.
Ndb5 a6 9. Na3 Be6 10. Nc4 Rc8 11. Ne3 Be7 12. Bxf6 Bxf6 13. Ncd5 Bg5 14. h4
Bxh4 15. g3 Bg5 16. Bg2 Qa5+ 17. c3 Qb5 18. a4 Qa5 19. Nc4 Qc5 20. Ncb6 Bxd5
21. Nxc8 Be6 22. Nxd6+ Ke7 23. Nf5+ Bxf5 24. exf5 h6 25. O-O Rd8 26. Qb3 Na5
27. Qb4 Qxb4 28. cxb4 Nc6 1-0

[Event "España ch Sub-16 2008"]
[Site "Padron ESP"]
[Date "2008.07.23"]
[Round "6.30"]
[White "Conejero Sanchez, Alvaro"]
[Black "Silva Rodriguez, Fernando"]
[Result "0-1"]
[PlyCount "110"]
[EventDate "2008.07.20"]
[EventType "swiss"]
[EventRounds "9"]
[EventCountry "ESP"]
[Source "lmi"]
[SourceDate "2008.07.20"]
[WhiteElo "1975"]
[BlackElo "1890"]

1. e4 e5 2. Nf3 Nc6 3. Bb5 a6 4. Ba4 Nf6 5. O-O Be7 6. Re1 d6 7. h3 O-O 8. c3
b5 9. Bc2 Bb7 10. d3 Re8 11. Nbd2 Bf8 12. Nf1 Nb8 13. Ng3 g6 14. Bb3 c5 15. h4
Qc7 16. a4 Nbd7 17. Nh2 h5 18. Nf3 Bg7 19. a5 d5 20. exd5 Bxd5 21. c4 Bb7 22.
Ng5 b4 23. N3e4 Nxe4 24. dxe4 Rad8 25. Qc2 Nf8 26. Be3 f6 27. Nh3 Ne6 28. f3
Nd4 29. Bxd4 Rxd4 30. Red1 Red8 31. Nf2 Bh6 32. Rxd4 Rxd4 33. Rd1 Qxa5 34. Rxd4
exd4 35. Kh2 Be3 36. Nd1 Bh6 37. Nf2 Bc6 38. g3 Qa1 39. f4 a5 40. e5 f5 41. Qe2
Qc1 42. Nd1 Be4 43. Ba4 Bf8 44. Kg1 d3 45. Qe3 Qxc4 46. Qd2 Qd4+ 47. Qe3 Qd5
48. Nf2 c4 49. Qa7 c3 50. bxc3 bxc3 51. e6 Qxe6 52. Qxa5 c2 53. Qc3 Bg7 54. Qd2
Qa2 55. Bb5 Qb1+ 0-1

[Event "España ch Sub-16 2008"]
[Site "Padron ESP"]
[Date "2008.07.23"]
[Round "6.31"]
[White "De La Cruz Revilla, Miguel"]
[Black "Picazo Lopez, Ignacio"]
[Result "1/2-1/2"]
[PlyCount "69"]
[EventDate "2008.07.20"]
[EventType "swiss"]
[EventRounds "9"]
[EventCountry "ESP"]
[Source "lmi"]
[SourceDate "2008.07.20"]
[WhiteElo "1855"]
[BlackElo "1973"]

1. d4 d5 2. c4 e6 3. Nf3 Nf6 4. g3 c5 5. cxd5 Nxd5 6. dxc5 Bxc5 7. Qc2 Qc7 8.
Nc3 Bb4 9. Bd2 Bxc3 10. Bxc3 Nxc3 11. Rc1 Nd5 12. Qxc7 Nxc7 13. Rxc7 Nc6 14.
Ng5 f6 15. Nf7 O-O 16. Nd6 Rd8 17. Nxb7 Bxb7 18. Rxb7 Rac8 19. Bh3 Nd4 20. O-O
Rb8 21. Rxa7 Rxb2 22. e3 Ne2+ 23. Kg2 f5 24. e4 g6 25. exf5 exf5 26. Re1 h5 27.
Kh1 h4 28. Bf1 Rdd2 29. Re7 hxg3 30. hxg3 Nc3 31. Bc4+ Kh8 32. Rf7 Rd1 33. Rxd1
Nxd1 34. f4 Ne3 35. Rc7 1/2-1/2

[Event "España ch Sub-16 2008"]
[Site "Padron ESP"]
[Date "2008.07.23"]
[Round "6.32"]
[White "Rioboo De Larriva, Alvaro"]
[Black "Perez Cuadrado Robles, Alejandro"]
[Result "1-0"]
[PlyCount "47"]
[EventDate "2008.07.20"]
[EventType "swiss"]
[EventRounds "9"]
[EventCountry "ESP"]
[Source "lmi"]
[SourceDate "2008.07.20"]
[WhiteElo "1964"]
[BlackElo "1885"]

1. e4 c5 2. Nc3 e6 3. f4 Nc6 4. Nf3 d6 5. Bb5 Bd7 6. O-O g6 7. d3 Bg7 8. Bxc6
Bxc6 9. f5 Nf6 10. Qe1 O-O 11. Qh4 Nd7 12. Bg5 Bf6 13. g4 exf5 14. gxf5 gxf5
15. Bxf6 Nxf6 16. Ng5 Kh8 17. Rxf5 Rg8 18. Rxf6 Rg7 19. Raf1 Qg8 20. R1f5 Bd7
21. Nd5 Bxf5 22. Rxf5 f6 23. Nxf6 Qf7 24. Nfxh7 1-0

[Event "España ch Sub-16 2008"]
[Site "Padron ESP"]
[Date "2008.07.23"]
[Round "6.33"]
[White "Pardo Simon, Leticia"]
[Black "Colom Sienes, Eduardo"]
[Result "0-1"]
[WhiteElo "1809"]
[BlackElo "1950"]
[PlyCount "50"]
[EventDate "2008.07.20"]
[EventType "swiss"]
[EventRounds "9"]
[EventCountry "ESP"]
[Source "lmi"]
[SourceDate "2008.07.20"]

1. e4 e6 2. d4 d5 3. Bd3 Nf6 4. e5 Nfd7 5. Nf3 c5 6. c3 Nc6 7. O-O cxd4 8. cxd4
Qb6 9. Bc2 f6 10. exf6 Nxf6 11. Re1 Be7 12. Nc3 O-O 13. Qd3 Nb4 14. Qd1 Nxc2
15. Qxc2 Bd6 16. Bg5 Bd7 17. Qd2 Rac8 18. Ne5 Bxe5 19. Rxe5 Ng4 20. Re2 Rc4 21.
Rd1 Ba4 22. Nxa4 Rxa4 23. b3 Ra6 24. Be7 Qc7 25. g3 Qxe7 0-1

[Event "España ch Sub-16 2008"]
[Site "Padron ESP"]
[Date "2008.07.23"]
[Round "6.35"]
[White "Colon Garcia, Enrique"]
[Black "Perera Borrego, Mariela"]
[Result "1/2-1/2"]
[WhiteElo "2118"]
[BlackElo "1889"]
[PlyCount "109"]
[EventDate "2008.07.20"]
[EventType "swiss"]
[EventRounds "9"]
[EventCountry "ESP"]
[Source "lmi"]
[SourceDate "2008.07.20"]

1. Nf3 d5 2. c4 c6 3. e3 Nf6 4. d4 a6 5. cxd5 cxd5 6. Nc3 Nc6 7. Ne5 e6 8. f4
Be7 9. Bd3 O-O 10. O-O Nd7 11. Rf3 f5 12. Nxd7 Bxd7 13. Rh3 Be8 14. g4 Qd7 15.
gxf5 exf5 16. Qb3 Bf7 17. Bd2 b5 18. Rf3 Rab8 19. Ne2 Qe6 20. a4 Bh5 21. Rf2
bxa4 22. Qxa4 Bh4 23. Ng3 Be8 24. Qxa6 Bd7 25. Rff1 Ra8 26. Qxa8 Rxa8 27. Rxa8+
Kf7 28. Bxf5 Qd6 29. Bxh7 Bxg3 30. hxg3 Qh6 31. Bg8+ Ke7 32. Bxd5 Qg6 33. Be1
Qc2 34. Bg2 Qxb2 35. d5 Nd8 36. d6+ Ke8 37. Ba5 Qb5 38. Rxd8+ Kf7 39. Bc7 Bg4
40. Rb8 Qd3 41. Re1 Qd2 42. Rbb1 Be2 43. e4 Qd4+ 44. Kh2 Bg4 45. e5 Qd2 46. Kh1
Qd3 47. e6+ Bxe6 48. Rxe6 Qxb1+ 49. Kh2 Kxe6 50. Bh3+ Kf7 51. Bg2 Qd3 52. Bh3
Qe2+ 53. Bg2 Qd2 54. Kh3 Qd1 55. Kh2 1/2-1/2

[Event "España ch Sub-16 2008"]
[Site "Padron ESP"]
[Date "2008.07.23"]
[Round "6.36"]
[White "Porras Mateo, Alejandra"]
[Black "Lopez Quevedo, Eduardo"]
[Result "0-1"]
[WhiteElo "1905"]
[BlackElo "1998"]
[PlyCount "64"]
[EventDate "2008.07.20"]
[EventType "swiss"]
[EventRounds "9"]
[EventCountry "ESP"]
[Source "lmi"]
[SourceDate "2008.07.20"]

1. e4 c5 2. Nc3 Nc6 3. g3 g6 4. Bg2 Bg7 5. d3 d6 6. f4 e6 7. Be3 Nge7 8. Nf3
O-O 9. O-O Nd4 10. e5 Nef5 11. Bf2 Nxf3+ 12. Qxf3 Nd4 13. Qd1 dxe5 14. fxe5
Bxe5 15. Ne4 f5 16. Nxc5 Qc7 17. Nb3 Nxb3 18. axb3 Bxb2 19. Ra2 Bg7 20. Qf3 g5
21. h3 e5 22. Qd5+ Kh8 23. Qb5 a6 24. Qb4 f4 25. gxf4 exf4 26. Re1 a5 27. Qa3
f3 28. Re7 Qf4 29. Re4 Qf7 30. Re7 Qf5 31. Bf1 g4 32. c4 Qg6 0-1

[Event "España ch Sub-16 2008"]
[Site "Padron ESP"]
[Date "2008.07.23"]
[Round "6.37"]
[White "Jimenez Fernandez, Alejandro"]
[Black "Anaya Lopez, Gonzalo Javier"]
[Result "1-0"]
[WhiteElo "1971"]
[BlackElo "1851"]
[PlyCount "77"]
[EventDate "2008.07.20"]
[EventType "swiss"]
[EventRounds "9"]
[EventCountry "ESP"]
[Source "lmi"]
[SourceDate "2008.07.20"]

1. d4 e6 2. c4 Bb4+ 3. Nd2 d5 4. Ngf3 c6 5. e3 f5 6. g3 Nf6 7. Bg2 O-O 8. O-O
Bd7 9. Qb3 Bxd2 10. Bxd2 Qc7 11. Bb4 Rc8 12. Ba3 Ne4 13. Qc2 Be8 14. Nd2 Nd7
15. f3 Nxd2 16. Qxd2 Nb6 17. b3 dxc4 18. Qb4 Bf7 19. bxc4 Rd8 20. Rfd1 e5 21.
Rac1 exd4 22. exd4 f4 23. Kf2 c5 24. Qxc5 fxg3+ 25. hxg3 Qxc5 26. Bxc5 Nxc4 27.
f4 Rab8 28. d5 Nd6 29. Bb4 Rd7 30. Bh3 Rdd8 31. Be6 Bxe6 32. dxe6 Ne4+ 33. Kf3
Rxd1 34. Rxd1 Nf6 35. g4 h6 36. g5 hxg5 37. fxg5 Ne8 38. e7 Kf7 39. Rd8 1-0